[Event "Corus-B"]
[Site "Wijk aan Zee"]
[Date "2005.01.17"]
[Round "3"]
[White "Nielsen, Peter Heine"]
[Black "Carlsen, Magnus"]
[Result "1/2-1/2"]
[WhiteElo "2648"]
[BlackElo "2553"]
[Annotator "Krasenkow,Michal"]
[PlyCount "60"]
[EventDate "2005.01.15"]
[EventType "tourn"]
[EventRounds "13"]
[EventCountry "NED"]
[EventCategory "13"]
[SourceTitle "CBM 105"]
[Source "ChessBase"]
[SourceDate "2005.04.11"]
[SourceVersion "1"]
[SourceVersionDate "2005.04.11"]
[SourceQuality "1"]

1. d4 Nf6 2. c4 g6 3. Nc3 d5 4. cxd5 Nxd5 5. e4 Nxc3 6. bxc3 Bg7 7. Nf3 c5 8. Rb1 O-O 9. Be2 Qa5 10. O-O Qxc3 {This (quite playable) move is less popular than} (10... Qxa2) 11. d5 {Logical. White sacrifices a pawn to create a strong pawn center. The other (perhaps more dangerous for Black) possibilities are:} (11. Bd2) (11. Rb3) 11... Qa5 12. Bg5 (12. Bb2 b6 13. Bxg7 Kxg7 14. Ne5 Ba6 15. Bxa6 Qxa6 16. Qd2 f6 17. Ng4 Nd7 18. Rb3 Qc4 19. Re1 Ne5 20. Nh6 Qd4 21. Qf4 Kh8 22. Rh3 Nd3 23. Qh4 g5 {0-1 Lobron,E-Sokolov,I/Garmisch Partenkirchen 1994/CBM 043 ext (23)}) (12. e5 Qc7 13. Bf4 e6 14. d6 Qd7 15. Qc1 b6 16. Bb5 Nc6 17. Bh6 Bb7 18. Re1 a6 19. Bf1 Nb4 20. Bxg7 Kxg7 21. a3 Nd5 22. Bc4 Rab8 23. Ng5 Qc6 24. Ne4 $40 {1-0 Hansen,S-Brettschneider,S/Lyngby 1991/EXT 2000 (41)}) 12... Qc7 (12... Re8 13. Bb5 $1 (13. Qc1 a6 14. Rd1 Nd7 {Raetsky,A-Konopka,M/USSR 1985/Inf 40 (14)}) 13... Nd7 14. e5 (14. d6 exd6 15. Qxd6 Re6 16. Qf4 Qxa2 17. Rbd1 Nf8 18. e5 $36 b6 19. Qe4 Rb8 20. Ra1 Qb2 21. Rfb1 Qc3 22. Bd2 Bxe5 23. Bxc3 Bxh2+ 24. Kxh2 Rxe4 25. Be5 Rxe5 26. Nxe5 a5 27. Bc4 Nd7 28. Nxd7 Bxd7 29. Rxa5 {1-0 Hansen,S-Konopka,M/Gistrup 1992/EXT 98 (29)}) 14... a6 (14... e6 15. dxe6 fxe6 16. Bxd7 Bxd7 17. Qxd7 {1-0 Becker,M-Heinrich,T/St Ingbert 1998/EXT 2002 (17)}) 15. Bxd7 Bxd7 16. Rxb7 Bb5 17. Re1 f6 18. Bh4 $5 (18. Bf4 $5) 18... g5 19. Bg3 Qxa2 20. d6 Bc6 21. Rc7 $1 Bxf3 22. gxf3 exd6 23. exd6 f5 24. Rxe8+ Rxe8 25. d7 Rd8 26. Rc8 {1-0 Kopjonkin,G-Konopka,M/Zalakaros 1994/Inf 61/[Kopjonkin,G; Raetsky,A] (26)}) (12... f6 13. Bf4 (13. Be3 Nd7 14. Qc1 Kh8 15. Bb5 Qd8 16. Bxd7 Qxd7 17. Bxc5 b6 18. Bb4 Ba6 19. Re1 Bd3 20. Rb3 Rfc8 21. Rc3 {½-½ Tolnai,T-Sax,G/Lillafured 1999/CBM 070 (21)}) 13... Nd7 14. Qb3 Kh8 15. Rfd1 Qd8 16. h4 Ne5 17. h5 Nxf3+ 18. Qxf3 g5 19. Bg3 b6 20. d6 e5 21. d7 $36 {Vekshenkov,N-Elianov,V/USSR 1982/Inf 33 (21)}) 13. Qd2 (13. Qc1 b6 (13... Bg4 14. Bf4 Qc8 15. e5 $44 {Chiburdanidze,M-Malaniuk,V/USSR 1982/Inf 33 (15)}) 14. Bf4 Qd8 15. Rd1 Ba6 16. Bxa6 Nxa6 17. e5 Qd7 18. h4 Nb4 19. Qc4 Rad8 20. d6 exd6 21. Rxd6 Qg4 22. Re1 b5 23. Qe4 Rfe8 24. Rxd8 Rxd8 25. Ng5 Qf5 26. Qf3 Nd3 27. Re4 h5 $19 {0-1 Remon,A-Alzate,D/Havana 1983/MCL (40)}) (13. h3 b6 14. Qd2 Rd8 15. Rfd1 Nc6 16. Rbc1 Bb7 17. Qe3 Na5 18. h4 f6 19. Bf4 e5 20. dxe6 Qe7 21. Nd2 Rd4 22. Nb3 Rxd1+ 23. Rxd1 Qxe6 24. Nxa5 bxa5 25. Qxc5 Qxe4 26. Bf3 Qxf4 27. Bxb7 Rf8 28. h5 gxh5 29. Qxa5 f5 30. Qxa7 h4 31. a4 Be5 32. a5 Bc7 33. Bd5+ Kh8 34. Bc6 Rf6 35. Qc5 Kg7 36. Rd7+ Rf7 37. Rd1 Rf6 38. Qc3 Qe5 39. Qb4 h3 40. gxh3 {½-½ Gurevich,M-Gavrikov,V/Sverdlovsk 1984/EXT 99 (40)}) 13... Bg4 {A logical move since White has not prevented it.} (13... b6 14. e5 Ba6 15. d6 exd6 16. exd6 Qd7 17. Bxa6 Nxa6 18. Be7 Rfe8 19. Rfe1 Nb4 20. Ng5 Bh6 21. Rbd1 Nc6 22. Qd5 Bxg5 23. Qxg5 c4 24. Qf6 Rac8 25. h4 Nxe7 26. dxe7 Qf5 27. Qc3 Qa5 28. Qf6 Qf5 29. Qc3 Qa5 30. Qf6 $11 {1-0 Mueller,K-Puth,D/Chessfriend.com 2003/Telechess CBM 101 (62)}) 14. e5 (14. Rfc1 $5 b6 15. h3 Bxf3 16. Bxf3 e5 $6 (16... Be5) 17. d6 Qc6 18. Be7 Re8 19. Be2 Nd7 20. Bb5 Qb7 21. Qc2 Bf8 22. Qa4 $16 {½-½ Legky,N-Veingold,A/Sverdlovsk 1984/EXT 99 (56)}) 14... Bxf3 15. Bxf3 $146 (15. d6 exd6 16. exd6 Qd7 17. Bxf3 Nc6 18. Be7 (18. Bxc6 Qxc6 19. Be7 Rfe8 20. d7 Rxe7 21. d8=Q+ Rxd8 22. Qxd8+ Re8 $11) 18... Rfe8 19. Rfe1 Rac8 20. Bd5 Kh8 21. Qf4 $2 (21. Bxc6 Rxc6 22. Rxb7 Qxb7 23. d7 Rcc8 24. dxe8=Q+ Rxe8 25. Bxc5 $11) 21... Nxe7 22. Qxf7 Qxd6 23. Bxb7 Rb8 24. Bf3 Qf6 {0-1 Watanabe,A-De la Villa Garcia,J/Linares 2002/CBM 087 ext (24).}) ({RR} 15. d6 exd6 16. exd6 Qd7 17. Bxf3 Nc6 18. Be7 Rfe8 19. Rfe1 Rac8 20. Bd5 Kh8 21. Qf4 Nxe7 22. Qxf7 Qxd6 23. Bxb7 Rb8 24. Bf3 Qf6 {0-1 (24) Watanabe,A (2381)-De la Villa Garcia,J (2451) Linares 2002}) 15... Bxe5 16. d6 {This breakthrough is quite harmless. White wins an exchange but Black gets two pawns and a solid position.} Bxd6 (16... Qxd6 $5 17. Bxb7 Nd7 18. Bxa8 Rxa8 19. Rb7 $13) 17. Rxb7 Qc8 18. Rbb1 (18. Bh6 Nc6 $1 (18... Rd8 $2 19. Qc3 e5 20. Bd5 Nd7 21. Qf3 $18) 19. Bxc6 Qxc6 20. Qb2 f6 21. Bxf8 Kxf8 $11) (18. Bxe7 Bxe7 19. Rxe7 Nc6) 18... Nc6 19. Qd5 Nd4 20. Qxa8 Qf5 (20... Qxa8 $5 21. Bxa8 Rxa8) 21. Qd5 Nxf3+ 22. Qxf3 Qxg5 $11 23. Qe4 (23. Rb7 Qh4 24. g3 Qa4 25. Qb3 Qa6 $11) 23... Rc8 24. Rfc1 Kg7 25. g3 h5 26. Rc4 Qf6 27. Kg2 Be5 28. Rd1 Bd6 29. Rb1 Be5 30. Rd1 Bd6 1/2-1/2

[Event "Corus-B"]
[Site "Wijk aan Zee"]
[Date "2005.01.20"]
[Round "5"]
[White "Ernst, Sipke"]
[Black "Carlsen, Magnus"]
[Result "1/2-1/2"]
[WhiteElo "2509"]
[BlackElo "2553"]
[Annotator "Avrukh,Boris"]
[PlyCount "73"]
[EventDate "2005.01.15"]
[EventType "tourn"]
[EventRounds "13"]
[EventCountry "NED"]
[EventCategory "13"]
[SourceTitle "CBM 105"]
[Source "ChessBase"]
[SourceDate "2005.04.11"]
[SourceVersion "1"]
[SourceVersionDate "2005.04.11"]
[SourceQuality "1"]

1. d4 Nf6 2. c4 g6 3. Nc3 Bg7 4. Nf3 O-O 5. e4 d6 6. Be2 e5 7. O-O Na6 8. Re1 c6 9. Bf1 exd4 10. Nxd4 Qb6 {A rare continuation which seems to me not enough for equality.} ({The main theoretical line is} 10... Ng4 11. h3 Qb6) 11. Na4 {White has to drive away Black's , otherwise 11...g4 would be unpleasant.} ({RR} 11. h3 Re8 12. Nb3 Bf8 13. Bf4 Re6 14. Nd4 Re8 15. Nb3 Re6 16. Nd4 Re8 17. Nb3 {½-½ (17) Scarella,E (2302)-Perez,M (2429) Buenos Aires 2019}) 11... Qa5 12. f3 $1 $146 {A logical novelty, which clearly improves White's previous play. Black is unable to create sufficient counterplay, which could compensate White's space advantage.} ({The previous try was:} 12. Bd2 Qd8 13. Nb3 Ng4 14. h3 Ne5 15. Qc2 d5 16. cxd5 cxd5 17. f4 Bd7 18. fxe5 Bxa4 19. exd5 Qxd5 $11 {½-½ Gyimesi,Z-Smirin,I/Rabac 2004/CBM 102 ext (33)}) ({RR} 12. Bd2 Qd8 13. Nb3 Ng4 14. h3 Ne5 15. Qc2 d5 16. cxd5 cxd5 17. f4 Bd7 18. fxe5 Bxa4 19. exd5 Qxd5 20. Bc4 Qc6 21. Qe4 Qxe4 22. Rxe4 Bc6 23. Re2 Nc7 24. Bg5 Rfe8 25. Rae1 Ne6 26. Bxe6 fxe6 {Gyimesi,Z (2618)-Smirin,I (2671) Rabac 2004 ½-½ (33)}) 12... Re8 13. Nc3 $146 ({RR} 13. Bd2 Qd8 14. Be3 d5 15. exd5 cxd5 16. c5 Nc7 17. Qd2 Ne6 18. b4 Nd7 19. Nc3 Ne5 20. Ncb5 Nc6 21. Rad1 Nexd4 22. Nxd4 Be6 23. Bf2 a6 24. a4 Qd7 25. b5 axb5 26. axb5 Na5 27. Qb4 Qe7 {Dumitrache,D (2469)-Nemeth,F (2415) Bucharest 2005 1-0 (42)}) 13... Nc5 (13... Qb6 14. Be3 $1 Qxb2 $140 $2 15. Na4 Qa3 16. Bc1 Qb4 17. Bd2 Qa3 18. Re3 Ng4 $1 19. Rxa3 Bxd4+ 20. Be3 Bxe3+ 21. Rxe3 Nxe3 22. Qxd6 $16) 14. Nc2 {[%cal Gb2b4]} ({There was nothing wrong with the natural-looking} 14. Be3 {since Black cannot break through in the centre.} d5 $2 15. exd5 cxd5 16. cxd5 $16) 14... Qb6 15. Kh1 Nfd7 16. Qd2 $1 ({Not falling into Black's trap after} 16. Qxd6 Ne5 17. b4 Ncd3 $1 18. c5 (18. Bxd3 $2 Re6 $1 $17) 18... Qd8 {with fantastic compensation.}) 16... Ne5 (16... a5 17. b3 $14) 17. b4 Na6 18. Rb1 Be6 19. Ne3 ({It was premature to play} 19. c5 $2 dxc5 20. Na4 Qc7 21. Bxa6 Rad8 22. Qf2 bxa6 23. Nxc5 Nd3 24. Nxd3 Rxd3 $15 {[%csl Ga2]}) 19... Bh6 $2 {Black either overestimates his chances or simply misses White's 22.c5.} (19... Rad8 $142 20. Na4 Qc7 21. f4 Ng4 22. Nxg4 Bxg4 23. Bb2 $14 {and White has a very pleasant edge.}) 20. Qxd6 Bg7 ({Unfortunately neither} 20... Rad8 21. Qxe5 Bg7 22. Na4 Bxe5 23. Nxb6 axb6 24. Bb2 $16) ({nor} 20... Red8 21. Qxe5 Bg7 22. Na4 Bxe5 23. Nxb6 axb6 24. Bb2 Bxb2 25. Rxb2 Nc7 26. b5 cxb5 27. Nd5 $1 $16 {don't work, in both cases White retains clear advantage.}) 21. Qd2 Rad8 22. c5 $1 Rxd2 ({After} 22... Qc7 23. Qc2 {Black has no compensation at all.}) 23. cxb6 Rdd8 24. bxa7 Nd3 $6 ({More stubborn was} 24... Nxf3 $142 25. gxf3 Bxc3 26. Re2 Ra8 {though after} 27. b5 $1 cxb5 28. Nd5 $1 Bxd5 29. exd5 Rxe2 30. Bxe2 Rxa7 31. Be3 Ra8 32. d6 $16 {White's advantage is clear.}) 25. Bxd3 Rxd3 26. b5 cxb5 27. Ncd5 b4 28. Nb6 $2 {This move allows Black to escape, but the solution was far from obvious.} (28. Nxb4 $2 Nxb4 29. Rxb4 Bc3 30. Rxb7 Bxe1 31. Rb8 Rdd8 32. a8=Q Rxb8 $17) (28. Nf4 Bxa2 29. Nxd3 Bxb1 30. Nxb4 Nxb4 31. Bd2 Bd3 32. Bxb4 Bd4 $11) ({The right decision was:} 28. Nc2 $3 {[%csl Ge1] defending the e1.} Bxd5 29. exd5 Ra8 30. Be3 Rxd5 31. Red1 {[%csl Ga7] and White has almost decisive advantage due to his a7-pawn.}) 28... Bxa2 29. Rb2 Bxb2 30. Bxb2 Nc7 31. Ng4 Red8 32. Nf6+ Kf8 33. Nxh7+ Kg8 34. Nf6+ Kf8 35. Nh7+ ({A very bad decision would be:} 35. Bc1 Kg7 $1 36. Bg5 Rd1 37. Rg1 b3 {and Black is winning.}) 35... Kg8 36. Nf6+ Kf8 37. Nh7+ 1/2-1/2

[Event "Corus-B"]
[Site "Wijk aan Zee"]
[Date "2005.01.21"]
[Round "6"]
[White "Carlsen, Magnus"]
[Black "Stefanova, Antoaneta"]
[Result "1/2-1/2"]
[WhiteElo "2553"]
[BlackElo "2491"]
[PlyCount "146"]
[EventDate "2005.01.15"]
[EventType "tourn"]
[EventRounds "13"]
[EventCountry "NED"]
[EventCategory "13"]
[SourceTitle "CBM 105"]
[Source "ChessBase"]
[SourceDate "2005.04.11"]
[SourceVersion "1"]
[SourceVersionDate "2005.04.11"]
[SourceQuality "1"]

1. d4 d5 2. c4 c6 3. Nf3 Nf6 4. Nc3 a6 5. c5 Nbd7 6. Bf4 Nh5 7. e3 b6 8. cxb6 Qxb6 9. Bd3 Nxf4 10. exf4 Qxb2 11. Rc1 g6 12. O-O Bh6 13. Qa4 ({RR} 13. g3 O-O 14. Na4 Qb4 15. Qc2 Bg7 16. Qxc6 Rb8 17. Rc3 Qa5 18. Rb3 Rxb3 19. axb3 Qb4 20. Qc3 Qxc3 21. Nxc3 Rd8 22. Na4 Nf8 23. Nc5 Ne6 24. Nxe6 Bxe6 25. Bxa6 Rb8 26. Rb1 Bf5 27. Rb2 Be4 {Avrukh,B (2629)-Stefanova,A (2491) Athens 2005 ½-½ (34)}) 13... Qb7 14. Rc2 Nb6 $146 ({RR} 14... Rb8 15. Ne2 Nb6 16. Qxc6+ Qxc6 17. Rxc6 Bd7 18. Rc7 Nc4 19. Ne5 Bb5 20. Nxc4 dxc4 21. Bxc4 Bxc4 22. Rxc4 O-O 23. Rfc1 f6 24. g3 e5 25. d5 Rfd8 26. Rd1 Rb2 27. Nc3 exf4 28. gxf4 f5 29. d6 {Bluvshtein,M (2462)-Charbonneau,P (2472) Montreal 2004 1-0 (35)}) 15. Qa5 Nc4 16. Bxc4 dxc4 17. Rb1 Qa7 18. Ne5 Bxf4 19. Nxc6 Qc7 20. Rb6 Bxh2+ 21. Kh1 Be6 22. d5 Bg4 23. Nb5 Qf4 24. Qb4 O-O 25. Nxe7+ Kg7 26. Nd6 f6 27. Rb7 Kh8 28. Qxc4 Rab8 29. g3 Bxg3 30. fxg3 Qxd6 31. Qc7 Bf3+ 32. Kg1 Qxc7 33. Rbxc7 Rbd8 34. R2c5 Rd6 35. Kf2 Be4 36. Ke3 Bb1 37. a3 Rf7 38. Rc1 Ba2 39. Nxg6+ Kg7 40. Rxf7+ Kxf7 41. Nf4 Rd7 42. Kd4 a5 43. Rc6 Rb7 44. Kc5 Rb3 45. Rc7+ Ke8 46. Kd6 Rb6+ 47. Rc6 Rb3 48. Ne6 Kf7 49. Nd8+ Ke8 50. Rc8 Rxa3 51. Ne6+ Kf7 52. Rf8+ Kg6 53. Rg8+ Kf5 54. Nd4+ Ke4 55. Rg4+ Ke3 56. Nf5+ Kd2 57. Rf4 Ke1 58. Rd4 Ke2 59. Ke7 Bxd5 60. Rxd5 a4 61. Kxf6 Rd3 62. Ra5 a3 63. Ke5 Kd2 64. Ke4 h5 65. Ra8 Rc3 66. Rd8+ Kc1 67. Ra8 Kb2 68. Ne3 Rc7 69. Rb8+ Kc1 70. Kd3 a2 71. Ra8 Kb1 72. Rb8+ Kc1 73. Ra8 Kb1 1/2-1/2

[Event "Corus-B"]
[Site "Wijk aan Zee"]
[Date "2005.01.22"]
[Round "7"]
[White "Onischuk, Alexander"]
[Black "Carlsen, Magnus"]
[Result "1/2-1/2"]
[WhiteElo "2652"]
[BlackElo "2553"]
[PlyCount "83"]
[EventDate "2005.01.15"]
[EventType "tourn"]
[EventRounds "13"]
[EventCountry "NED"]
[EventCategory "13"]
[SourceTitle "CBM 105"]
[Source "ChessBase"]
[SourceDate "2005.04.11"]
[SourceVersion "1"]
[SourceVersionDate "2005.04.11"]
[SourceQuality "1"]

1. d4 {Krasenkow,Michal} Nf6 2. c4 g6 3. Nc3 d5 4. cxd5 Nxd5 5. e4 Nxc3 6. bxc3 Bg7 7. Bc4 c5 8. Ne2 Nc6 9. Be3 O-O 10. O-O Bg4 11. f3 Na5 12. Bxf7+ Rxf7 13. fxg4 Rxf1+ 14. Kxf1 cxd4 15. cxd4 e5 16. Kg1 exd4 ({RR} 16... Rc8 17. d5 Nc4 18. Bf2 Nd6 19. Qd3 a6 20. h3 b5 21. a4 Qd7 22. axb5 Qxb5 23. Qe3 Qb4 24. Ng3 a5 25. Qa7 Nxe4 26. Nxe4 Qxe4 27. Qxa5 Qd3 28. Qa6 Qc3 29. Qe6+ Kh8 30. Rd1 e4 31. d6 {Sjugirov,S (2689)-Akesson,R (2372) chess.com INT 2024 1-0 (36)}) 17. Bxd4 Rc8 $146 ({RR} 17... Bxd4+ 18. Nxd4 ({RR} 18. Qxd4 Qxd4+ 19. Nxd4 Rd8 20. Nf3 b5 21. Rc1 Nc4 22. a4 a6 23. axb5 axb5 24. Rb1 Rb8 25. Rb4 Re8 26. Rxb5 Nd6 27. Ra5 Nxe4) 18... Rc8 ({RR} 18... Rc8 19. Nf3 Qxd1+ 20. Rxd1 Rc2 21. Rd8+ Kg7 22. Rd7+ Kg8 23. Ng5 h6 24. Ne6) 19. Nf3 Qxd1+ 20. Rxd1 Rc2 21. Rd8+ Kg7 22. Rd7+ Kg8 23. Ng5 h6 24. Ne6 Rxa2 25. Rg7+ Kh8 26. Rxg6 Nc4 27. h3 a5 28. Rxh6+ Kg8 29. g5 Ne3 30. Rg6+ Kf7 31. Nf4 a4 32. Rb6 {Ivanchuk,V (2709)-Shirov,A (2751) Tallinn 2000 1-0 (37)}) ({RR} 17... Bxd4+ 18. Nxd4 Qg5 19. Nf3 Qe3+ 20. Kh1 Qxe4 21. Rc1 Nc4 ({RR} 21... Qf4 22. Qd5+ Kh8 23. Rb1 Qc7 24. Ng5) 22. Qb3 b5 23. Qxb5 Nb6 ({RR} 23... Rc8 24. Qd7) 24. Rc7 Rd8 ({RR} 24... Qd5) 25. Qb3+ Qd5 26. Qxd5+ Rxd5 27. Rxa7 Rd1+ 28. Ng1 Nc4 29. Re7 ({RR} 29. a4 Ne3 30. g5) 29... Rd3 30. h3 Ra3 31. Re2 Ne3 32. Nf3 {Kaidanov,G (2607)-Peng,X (2648) Seattle 2001 CBM 082 [Krasenkow,Michal] 1-0 (51)}) ({RR} 17... Nc4 18. Bxg7 Kxg7 19. Nf4 Qxd1+ 20. Rxd1 Ne5 21. g5 Re8 22. Rb1 b6 23. h4 Rc8 24. Rb5 Ng4 25. Rb1 Rc4 26. Re1 Kf7) 18. Bxg7 Kxg7 19. Nf4 Qxd1+ 20. Rxd1 Kf6 21. g3 Ke7 22. h4 Nc4 23. Nd5+ Ke6 24. g5 Ne5 25. Rf1 Nd7 26. Kg2 Rc4 27. Nf6 Rc2+ 28. Kh3 Nxf6 29. gxf6 Kf7 30. Kg4 h5+ 31. Kg5 Rc5+ 32. Kh6 Re5 33. Rd1 Rxe4 34. Rd7+ Kxf6 35. Rxb7 Re3 36. Rxa7 Rxg3 37. a4 Rg4 38. a5 Rxh4 39. a6 Ra4 40. Ra8 Kf5 41. a7 Kg4 42. Kxg6 1/2-1/2

[Event "Gausdal GM-A"]
[Site "Gausdal"]
[Date "2005.04.16"]
[Round "4"]
[White "Williams, Simon Kim"]
[Black "Carlsen, Magnus"]
[Result "1-0"]
[WhiteElo "2466"]
[BlackElo "2548"]
[Annotator "Ftacnik,Lubomir"]
[PlyCount "79"]
[EventDate "2005.04.13"]
[EventType "tourn"]
[EventRounds "9"]
[EventCountry "NOR"]
[EventCategory "10"]
[SourceTitle "CBM 107"]
[Source "ChessBase"]
[SourceDate "2005.08.01"]
[SourceVersion "1"]
[SourceVersionDate "2005.08.01"]
[SourceQuality "1"]

1. d4 Nf6 2. c4 e6 3. Nf3 b6 4. Nc3 Bb7 5. a3 d5 6. cxd5 Nxd5 7. Bd2 Nd7 8. Nxd5 exd5 9. b4 ({RR} 9. g3 Bd6 10. Bg5 Be7 11. Bxe7 Qxe7 12. Rc1 c6 13. Bh3 O-O 14. O-O Nf6 15. b4 a5 16. Ne5 axb4 17. axb4 Qxb4 18. Nxc6 Bxc6 19. Rxc6 Ne4 20. Qb1 Qxd4 21. Qxb6 Qxb6 22. Rxb6 {½-½ (22) Leko,P (2749)-Polgar,J (2728) Wijk aan Zee 2005}) ({RR} 9. e3 Bd6 10. Bd3 O-O 11. O-O Qe7 12. b4 Nf6 13. Bc3 Ne4 14. Bb2 a6 15. Qe2 Rfe8 16. Rfc1 Qe6 17. Qc2 Rac8 18. Qe2 Ra8 19. Qc2 Re7 20. Ne5 f6 21. Nf3 Rf8 22. Re1 g5 23. Nd2 f5 {Pert,M (2082)-Wells,P (2343) Cambridge ENG 2024 0-1 (31)}) 9... Bd6 10. Bg5 f6 11. Bh4 a5 $146 {Black doesn't seem to suffer too much in this line, undermining of the queenside with a pawn is a new idea here.} (11... c5 12. Bg3 Be7 (12... Bxg3 13. hxg3 c4 14. Qc2 g6 15. e3 b5 16. g4 a5 17. Rb1 axb4 18. axb4 Qe7 19. Nd2 Nb8 20. Be2 Nc6 {½-½ Dreev,A-Psakhis,L/playchess.com INT 2004/ (61)}) 13. dxc5 (13. bxc5 bxc5 14. e3 c4 15. Be2 Qa5+ 16. Qd2 Qxd2+ 17. Nxd2 Nb6 18. Bd1 Kd7 19. Nb1 Bd6 20. Nc3 Bxg3 21. hxg3 {1-0 Dreev,A-Psakhis,L/playchess.com INT 2004/ (63)}) 13... bxc5 14. e3 cxb4 15. Bd3 Nc5 16. Bb5+ Kf7 17. axb4 Ne4 {½-½ Eingorn,V-Van der Wiel,J/Manila 1992/ (17)}) ({RR} 11... c5 12. Bg3 Be7 13. bxc5 bxc5 14. e3 c4 15. Be2 Qa5+ 16. Qd2 Qxd2+ 17. Nxd2 Nb6 18. Bd1 Kd7 19. Nb1 Bd6 20. Nc3 Bxg3 21. hxg3 Bc6 22. Kd2 Kd6 23. Rb1 h6 24. g4 Rhb8 25. Bc2 Nc8 26. Ne2 {Dreev,A (2690)-Psakhis,L (2545) Playchess.com INT 2004 1-0 (63)}) ({RR} 11... c5 12. Bg3 Be7 13. dxc5 bxc5 14. e3 cxb4 15. Bd3 Nc5 16. Bb5+ Kf7 17. axb4 Ne4 {½-½ (17) Eingorn,V (2580)-Van der Wiel,J (2540) Manila 1992}) 12. Bg3 Qe7 (12... Bxg3 13. hxg3 axb4 14. axb4 c5 $11) 13. Bxd6 Qxd6 14. b5 c5 (14... O-O 15. e3 c5 16. bxc6 Bxc6 17. Bd3 g6 18. O-O $14) 15. bxc6 Bxc6 16. e3 b5 17. Bd3 {The f6 move has weakened the white square complex around h7, Carlsen has to play carefully.} g6 (17... O-O) 18. Qc2 Kf7 (18... Nb6 19. h4 Ra7 20. h5 g5 21. O-O $14) 19. h4 $1 Nb6 20. h5 Nc4 $2 {Black has an idea about his possible compensation for the pawn, but with best white's play it would have been slow in coming.} (20... Kg7 21. Nh4 Be8 22. Qd1 Qc6 $14) 21. hxg6+ (21. a4 Rac8 $14) 21... hxg6 22. Bxg6+ Ke7 (22... Kg7 23. Bh7 Kf8 24. Nh4 $18) 23. Nh4 Kd7 (23... Nxa3 $2 24. Rxa3 Qxa3 25. Qxc6 Qb4+ 26. Kd1 Qa4+ 27. Bc2 Qa1+ 28. Kd2 Qxh1 29. Qc7+ Kf8 30. Bg6 $18) 24. Qb3 (24. Bf5+ Kc7 25. Qa2 $16) 24... b4 (24... Nxe3 $5 25. Qxe3 (25. fxe3 Qg3+ 26. Kd2 Rxh4 27. Rxh4 Qxh4 28. Rf1 Qg3 $11) 25... Rae8 26. Bxe8+ Rxe8 27. Nf5 Rxe3+ 28. Nxe3 Qe7 $11) 25. a4 $6 (25. Rc1 Nxa3 26. Rc5 Nb5 $13) (25. Bf5+ $1 Kd8 26. axb4 Qxb4+ 27. Qxb4 axb4 28. Rxa8+ Bxa8 29. Rh3 b3 30. Nf3 $14) 25... Kc7 (25... Nxe3 $1 26. fxe3 (26. Qxe3 Rae8 27. Bxe8+ Rxe8 28. Nf5 Rxe3+ 29. fxe3 Qe6 $15) 26... Qg3+ 27. Kd2 Rxh4 28. Rxh4 Qxh4 29. Rf1 Rh8 $15) 26. Ke2 f5 $1 27. Bxf5 Qf6 28. g3 Raf8 $6 {Carlsen suddenly wants too much from the position, it was much better to take the two pieces for the rook immediatelly with better chances.} (28... Rxh4 $1 29. Rxh4 Qxf5 30. Rah1 Re8 $15) 29. Qd3 $1 Rxh4 $2 {[%mdl 64]} (29... Bd7 $1 30. e4 Re8 31. Kf1 Bxf5 32. exf5 Re4 33. Rd1 $11) 30. gxh4 Qxf5 31. Qxf5 Rxf5 32. h5 $1 {Williams must have been very happy about his luck, he has lost material but won the overall war.} b3 (32... Rf8 33. h6 Rh8 34. h7 Nd6 35. Rag1 Bxa4 36. Rg8 Nf7 37. Rxh8 Nxh8 38. Rg1 b3 39. Kd2 b2 40. Kc3 b1=Q 41. Rxb1 Be8 42. f3 $18) 33. h6 Rf8 34. h7 b2 35. Rag1 $1 Rh8 36. Rg8 b1=Q {Black's undoing is the location of his king, white can check him in suitable moment and win material.} (36... Rxh7 37. Rxh7+ Bd7 38. Rxd7+ Kxd7 39. Rb8 Kc7 40. Rb3 $18) 37. Rg7+ $1 Bd7 38. Rxb1 Kd6 39. Rh1 Bf5 (39... Nb2 40. Rh6+ (40. Rg8 $18) 40... Kc7 41. Ra6 $18) 40. Rh6+ 1-0